|
|
|
|
| LEADER |
00000nfb a2200000 ar4500 |
| 001 |
vtls009462666 |
| 003 |
SK-MaSNL |
| 005 |
20260303052911.0 |
| 008 |
090119c2007 xo mr|p|||||||000 b|slo |
| 015 |
|
|
|a SNBRB2009/01
|2 snkbucl
|
| 038 |
|
|
|a SNKBUCL
|
| 040 |
|
|
|a SNKBUCL
|b slo
|c SNKBUCL
|e AACR2
|
| 041 |
0 |
|
|a slo
|
| 044 |
|
|
|a xo
|c SK
|
| 080 |
|
|
|a 27-565.3
|2 2001
|
| 100 |
0 |
|
|a Silvius
|4 aut
|9 849449
|
| 245 |
1 |
0 |
|a Na počiatku bolo slovo
|c Silvius
|
| 650 |
0 |
7 |
|a Ježiš Kristus
|2 snkbucl
|9 600344
|
| 650 |
0 |
7 |
|a Vianoce
|2 snkbucl
|9 3412
|
| 773 |
0 |
|
|t Cestou svetla
|g Roč. XIII, č. 12 (2007), s. 2-3
|x 1335-647X
|
| 852 |
|
|
|a SNK
|b KIS3GCP
|
| 958 |
|
|
|a SK
|
| 958 |
|
|
|a NT
|
| 999 |
|
|
|c 1717049
|d 1718979
|